L'aviation et leurope
Spremljeno u:
| Glavni autor: | |
|---|---|
| Format: | Knjiga |
| Jezik: | Undetermined |
| Izdano: |
Janvier
Ecole des H. E. C. Universités de Lausanne
1959
|
| Teme: | |
| Oznake: |
Dodaj oznaku
Bez oznaka, Budi prvi tko označuje ovaj zapis!
|
| Thư viện lưu trữ: | Trung tâm Học liệu Trường Đại học Cần Thơ |
|---|
| LEADER | 00530nam a2200193Ia 4500 | ||
|---|---|---|---|
| 001 | CTU_84434 | ||
| 008 | 210402s9999 xx 000 0 und d | ||
| 082 | |a 629.13 | ||
| 082 | |b D977 | ||
| 100 | |a Dutoit, Bernard | ||
| 245 | 0 | |a L'aviation et leurope | |
| 245 | 0 | |c Bernard Dutoit | |
| 260 | |a Janvier | ||
| 260 | |b Ecole des H. E. C. Universités de Lausanne | ||
| 260 | |c 1959 | ||
| 650 | |a Aeronautics commercial | ||
| 650 | |x History | ||
| 904 | |i QHieu(sửa) | ||
| 980 | |a Trung tâm Học liệu Trường Đại học Cần Thơ | ||